000 00716aam a2200301 4500
005 20251024185224.0
008 150306b2013 xxu||||| |||| 00| 0 spa d
020 _a9782700505757
041 _aPOR
041 _aESP
082 _a469.824 P853po
245 _aPortugués de Brasil
260 _aFrancia
260 _bEdiciones Assimil
260 _c2013
300 _a634 páginas
490 _aTemática General
505 _aContiene Disco Compacto N 796
650 _aPORTUGUÉS
650 _aGRAMÁTICA
650 _aVOCABULARIO
650 _aGLOSARIO
650 _aEJERCICIOS
650 _aENSEÑANZA DEL PORTUGUÉS
650 _aFONÉTICA
942 _cBK
_2ddc
999 _c11268
_d11268